000 00801nam a2200217Ia 4500
001 7295
003 GE_BSU
008 181216s||||||||xx |||||||||||||| ||und||
040 _cGE_BSU
080 _a664.65:658
100 _aГавричев,Д.Н.
245 _aОрганизация производственно-хозяйственной деятельности предприятии хлебопродуктов.
245 _bУчебник.
245 _cРед. В.Верещагина.
260 _aМ.
260 _bВысшая школа.
260 _c1970.
300 _a439стр.22см.
653 _aОрганизация производственно-хозяйственной деятельности предприятии хлебопродуктов.
942 _cBK
999 _c40667
_d40667